| 000 | 00913nam a2200229 i 4500 | ||
|---|---|---|---|
| 001 | 186674 | ||
| 003 | ES-MaACL | ||
| 005 | 20250811223537.0 | ||
| 008 | 170130q2007 bu ao c |||| | eng d | ||
| 080 | _a7(497.2) | ||
| 080 | _a930.85(497.2) | ||
| 245 | 0 | 0 |
_aHeritage _b: the cultural wealth of Bulgaria / _cessays by Ivan Marazov, Axinia Dzurova ; photographs by Ivo Hadjimishev. |
| 260 |
_a[Sofia : _bDimiter Blagoev Printing House, _c2007?] |
||
| 300 |
_a160 p. : _bprincipalmente il. col., fot. ; _c31 cm. |
||
| 505 | 8 |
_aContiene: ; _tArt in Ancient Trace / _rIvan Marazov. -- _tGolden pages of Medieval Bulgaria / _rAxinia Dzurova |
|
| 546 | _aTexto en inglés, a 2 columnas. | ||
| 650 | 7 |
_aArte búlgaro _2embne _9161613 |
|
| 651 | 4 |
_aBulgaria- _xCivilización. _9161614 |
|
| 852 |
_aES-MaACL _jA-13974 _9193731 _bR.151348 _cDEPO1 _dOlim: N-6974 |
||
| 942 |
_2udc _cMONOGRAFIA |
||
| 999 |
_c186674 _d186674 |
||